Statistics for Lande, der er tættest på Luxembourg (med et kort)

Click here to take the quiz!

General Stats

  • This quiz has been taken 162 times
  • The average score is 10 of 20

Answers on the Map

Answers color-coded by a green-red scale on the quiz's map according to % correct below.
 

Answer Stats

land% Correct
Frankrig
97%
Tyskland
94%
Holland
87%
Belgien
81%
Danmark
80%
Italien
72%
Schweiz
70%
Østrig
64%
Spanien
64%
Sverige
39%
Polen
35%
Storbritannien
32%
Tjekkiet
32%
Liechtenstein
26%
Monaco
26%
San Marino
17%
Slovenien
13%
Kroatien
9%
Slovakiet
9%
Ungarn
9%

Score Distribution

Percentile by Number Answered

Percent of People with Each Score

Your Score History

You have not taken this quiz